000 00755nam a2200253Ia 4500
008 170203s9999 xx 000 0 und d
020 _a9781856021012
050 _aFic
050 _bH762s
100 _aHolzwarth, Werner.
245 4 _aThe story of the little mole who knew it was none of his business /
260 _aSt. Albans :
260 _bDavid Bennett Books,
260 _c1994
300 _a20 unnumbered pages
650 _aAnimals -- Manure -- Pictorial works --
650 _aFeces -- Pictorial works --
650 _aGerman fiction --
650 _aMoles (Animals) -- Pictorial works --
650 _xChildren's stories
650 _xJuvenile fiction.
650 _xJuvenile fiction.
650 _xJuvenile fiction.
999 _c306625
_d306625